Catálogo

Vista normal Vista MARC

Entrada Personal Name

Número de registros utilizados en: 1

001 - CONTROL NUMBER

  • control field: 17886

003 - CONTROL NUMBER IDENTIFIER

  • control field: DLC

005 - DATE AND TIME OF LATEST TRANSACTION

  • control field: 20260304125637.0

008 - FIXED-LENGTH DATA ELEMENTS

  • fixed length control field: 940705n| acannaabn |a aaa

010 ## - LIBRARY OF CONGRESS CONTROL NUMBER

  • LC control number: n 94064031

035 ## - SYSTEM CONTROL NUMBER

  • System control number: (OCoLC)oca03636793

040 ## - CATALOGING SOURCE

  • Original cataloging agency: DLC
  • Language of cataloging: spa
  • Transcribing agency: Mx-PuUPA
  • Modifying agency: NmU
  • Modifying agency: OCoLC
  • Modifying agency: Mx-PuUPA
  • Description conventions: rda

100 1# - HEADING--PERSONAL NAME

  • Personal name: Siller, Clodomiro,

374 ## - OCCUPATION

  • Occupation: Autor

375 ## - GENDER

  • Gender: hombre

377 ## - ASSOCIATED LANGUAGE

  • Language code: spa

400 1# - SEE FROM TRACING--PERSONAL NAME

  • Personal name: Siller Acuña, Clodomiro L.

400 1# - SEE FROM TRACING--PERSONAL NAME

  • Personal name: Acuña, Clodomiro L. Siller

670 ## - SOURCE DATA FOUND

  • Source citation: Hacia una historia mínima de la Iglesia en México, c1993:
  • Information found: t.p. (Clodomiro Siller)

670 ## - SOURCE DATA FOUND

  • Source citation: Ministerios indígenas, 1993?:
  • Information found: t.p. (Clodomiro L. Siller Acuña)

670 ## - SOURCE DATA FOUND

  • Source citation: Para comprender el mensaje de María de Guadalupe, 1989:
  • Information found: t.p. (Clodomiro L. Siller Acuña)